Top 10 ATP Tennis Players 2025 by Picture - Statistics

General Stats
  • This quiz has been taken 71 times
  • The average score is 7 of 10
Answer Stats
Picture Answer % Correct
Carlos Alcaraz
93%
Novak Djokovic
93%
Jannik Sinner
92%
Alexander Zverev
83%
Taylor Fritz
69%
Alex de Minaur
66%
Ben Shelton
66%
Lorenzo Musetti
66%
Felix Auger-Aliassime
63%
Jack Draper
54%
No matching quizzes found
Score Distribution
Percent of People with Each Score
Percentile by Number Answered
Your Score History
You have not taken this quiz